Unlocking land values to finance urban infrastructure

Bibliographic Details
Main Author: Peterson, George E.
Corporate Authors: World Bank., Public-Private Infrastructure Advisory Facility., ProQuest (Firm)
Format: Electronic eBook
Language:English
Published: Washington, DC : World Bank : Public-Private Infrastructure Advisory Facility, c2009.
Series:PPIAF trends and policy options ; no. 7.
Subjects:
Online Access:Click to View
LEADER 01708nam a2200445Ia 4500
001 EBC459647
003 MiAaPQ
005 20200520144314.0
006 m o d |
007 cr cn|||||||||
008 080822s2009 dcu sb i001 0 eng d
010 |z  2008037307 
020 |z 9780821377093 
020 |z 0821377094 
020 |z 9780821377109 
020 |z 0821377108 
035 |a (MiAaPQ)EBC459647 
035 |a (Au-PeEL)EBL459647 
035 |a (CaPaEBR)ebr10257215 
035 |a (CaONFJC)MIL184587 
035 |a (OCoLC)560640668 
040 |a MiAaPQ  |c MiAaPQ  |d MiAaPQ 
050 4 |a HC79.C3  |b P48 2009 
100 1 |a Peterson, George E. 
245 1 0 |a Unlocking land values to finance urban infrastructure  |h [electronic resource] /  |c George E. Peterson. 
260 |a Washington, DC :  |b World Bank :  |b Public-Private Infrastructure Advisory Facility,  |c c2009. 
300 |a xviii, 128 p. 
490 1 |a Trends and policy options ;  |v no. 7 
500 |a "Helping to eliminate poverty through private involvement in infrastructure." 
504 |a Includes bibliographical references (p. 113-117) and index. 
533 |a Electronic reproduction. Ann Arbor, MI : ProQuest, 2015. Available via World Wide Web. Access may be limited to ProQuest affiliated libraries. 
650 0 |a Infrastructure (Economics)  |x Finance. 
650 0 |a Public land sales. 
650 0 |a Land use, Urban. 
655 4 |a Electronic books. 
710 2 |a World Bank. 
710 2 |a Public-Private Infrastructure Advisory Facility. 
710 2 |a ProQuest (Firm) 
830 0 |a PPIAF trends and policy options ;  |v no. 7. 
856 4 0 |u https://ebookcentral.proquest.com/lib/matrademy/detail.action?docID=459647  |z Click to View